<?xml version="1.0" encoding="UTF-8"?>
<record
    xmlns:xsi="http://www.w3.org/2001/XMLSchema-instance"
    xsi:schemaLocation="http://www.loc.gov/MARC21/slim http://www.loc.gov/standards/marcxml/schema/MARC21slim.xsd"
    xmlns="http://www.loc.gov/MARC21/slim">

  <leader>01713nam a22002177a 4500</leader>
  <controlfield tag="003">St Aloysius Coll</controlfield>
  <controlfield tag="005">20250818172111.0</controlfield>
  <controlfield tag="008">250814b        |||||||| |||| 00| 0 eng d</controlfield>
  <datafield tag="020" ind1=" " ind2=" ">
    <subfield code="a">9789360539917</subfield>
  </datafield>
  <datafield tag="040" ind1=" " ind2=" ">
    <subfield code="c">AL</subfield>
  </datafield>
  <datafield tag="041" ind1=" " ind2=" ">
    <subfield code="a">English</subfield>
  </datafield>
  <datafield tag="082" ind1=" " ind2=" ">
    <subfield code="a">658.4033</subfield>
    <subfield code="b">GHOA</subfield>
  </datafield>
  <datafield tag="100" ind1=" " ind2=" ">
    <subfield code="a">Munmun Ghosh</subfield>
    <subfield code="9">235778</subfield>
  </datafield>
  <datafield tag="245" ind1=" " ind2=" ">
    <subfield code="a">Advanced business analytics</subfield>
    <subfield code="b">: using Jamovi and R</subfield>
  </datafield>
  <datafield tag="260" ind1=" " ind2=" ">
    <subfield code="a">New Delhi</subfield>
    <subfield code="b">Cengage</subfield>
    <subfield code="c">2025</subfield>
  </datafield>
  <datafield tag="300" ind1=" " ind2=" ">
    <subfield code="a">xv, 247p.</subfield>
    <subfield code="b">PB</subfield>
    <subfield code="c">24x18cm.</subfield>
  </datafield>
  <datafield tag="365" ind1=" " ind2=" ">
    <subfield code="2">General</subfield>
    <subfield code="a">2646</subfield>
    <subfield code="b">&#x20B9;396.00</subfield>
    <subfield code="c">&#x20B9;</subfield>
    <subfield code="d">&#x20B9;495.00</subfield>
    <subfield code="e">20%</subfield>
    <subfield code="f">08/08/2025</subfield>
  </datafield>
  <datafield tag="520" ind1=" " ind2=" ">
    <subfield code="a">Are you ready to dive deeper into the world of numbers and unlock the secrets they hold? Whether you are a student, researcher, or data analyst, this book is your ultimate guide to mastering advanced statistical and analytical concepts in a simple, jargon-free way. Building on the solid foundation of Business Statistics: Using Excel, SPSS, and R, this book takes you one step higher, offering easy-to-follow, step-by-step instructions for all the complex analyses like Structural Equation Modelling (SEM), Mediation and Moderation analysis, PLS-SEM, and many more. No more relying on others for validation; this book empowers you to handle advanced statistics confidently! With a focus on the open-access software JAMOVI and R, you will learn how to use these powerful tools to perform sophisticated analyses without traditional statistical software's steep learning curve. Whether you are a beginner or an experienced user, this book will guide you through practical business cases, helping you translate data into actionable insights. Ready to conquer the numbers? Get your copy now!</subfield>
  </datafield>
  <datafield tag="650" ind1=" " ind2=" ">
    <subfield code="2">Management</subfield>
    <subfield code="a">Business Analytics</subfield>
    <subfield code="9">235779</subfield>
  </datafield>
  <datafield tag="942" ind1=" " ind2=" ">
    <subfield code="2">ddc</subfield>
    <subfield code="c">BK</subfield>
  </datafield>
  <datafield tag="999" ind1=" " ind2=" ">
    <subfield code="c">240350</subfield>
    <subfield code="d">240350</subfield>
  </datafield>
  <datafield tag="952" ind1=" " ind2=" ">
    <subfield code="0">0</subfield>
    <subfield code="1">0</subfield>
    <subfield code="2">ddc</subfield>
    <subfield code="4">0</subfield>
    <subfield code="7">0</subfield>
    <subfield code="8">MCOMFA</subfield>
    <subfield code="a">SACPG</subfield>
    <subfield code="b">SACPG</subfield>
    <subfield code="d">2025-08-14</subfield>
    <subfield code="e">Biblios Book Point</subfield>
    <subfield code="g">396.00</subfield>
    <subfield code="l">0</subfield>
    <subfield code="o">658.4033 GHOA</subfield>
    <subfield code="p">PG025076</subfield>
    <subfield code="r">2025-08-14 19:30:42</subfield>
    <subfield code="v">495.00</subfield>
    <subfield code="w">0000-00-00</subfield>
    <subfield code="y">BK</subfield>
  </datafield>
</record>
